The Causal Relation and its Terms (Record no. 522002)
[ view plain ]
| 000 -CABECERA | |
|---|---|
| Campo de control de longitud fija | 00406nab a2200145Ia 4500 |
| 003 - IDENTIFICADOR DEL NÚMERO DE CONTROL | |
| Campo de control | ES-SlBCS |
| 005 - FECHA Y HORA DE LA ÚLTIMA TRANSACCIÓN | |
| Campo de control | 20210601124933.0 |
| 008 - CÓDIGOS DE INFORMACIÓN DE LONGITUD FIJA | |
| Campo de control de longitud fija | 140529s1988 xxu||||| |||| 00| 0 eng d |
| 041 ## - CÓDIGO DE LENGUA | |
| Código de lengua del texto/banda sonora o título independiente | eng |
| 100 1# - PUNTO DE ACCESO PRINCIPAL-NOMBRE DE PERSONA | |
| Nombre de persona | Newman, Andrew |
| 9 (RLIN) | 138998 |
| 245 04 - MENCIÓN DE TÍTULO | |
| Título | The Causal Relation and its Terms |
| Mención de responsabilidad, etc. | Andrew Newman |
| 650 04 - PUNTO DE ACCESO ADICIONAL DE MATERIA-TÉRMINO DE MATERIA | |
| Término de materia o nombre geográfico como elemento inicial | Relación Causal |
| 9 (RLIN) | 151646 |
| 773 0# - ENLACE AL DOCUMENTO FUENTE | |
| Título | Mind |
| Parte(s) relacionada(s) | vol. 97, 1988, págs. 529-550 |
| Número de control del registro relacionado | Rev1408 |
| 942 ## - ENTRADA DE ELEMENTOS AGREGADOS (KOHA) | |
| Koha [por defecto] tipo de item | Artículos de revista |
| Suprimido | Perdido | Estropeado | No para préstamo | Localización permanente | Localización actual | Localización en estantería | Fecha adquisición | Préstamos totales | Fecha última consulta | Fecha del precio de reemplazo | Tipo de item de Koha |
|---|---|---|---|---|---|---|---|---|---|---|---|
| San Esteban | San Esteban | Depósito de revistas | 11/07/2014 | 11/07/2014 | 11/07/2014 | Artículos de revista |
